000 00713cam a2200205 4500
001 WB3544-09
008 000000n1999 000 0 eng u
035 _a(Sirsi) u101791
245 _aGlobal optimism
260 _c1999
490 _aEuroProperty
_vNovember 1999, 8(1)
520 _aThe latest World Market Report from Henderson Investors shows there has been a sharp rise in consumer confidence across the globe boosting property share markets, particularly in Europe.
590 _aWB
650 _aPROPERTY SHARES
650 _aPROPERTY INVESTMENT
650 _aASSET VALUES
650 _aEUROPE
690 _aPROPERTY-COMMERCIAL PROPERTY-COMMERCIAL PROPERTY FINANCE AND INVESTMENT
942 _n0
999 _c60904
_d60904